[Event "RUS Cup Final Men 2018"]
[Site "Khanty-Mansiysk"]
[Date "2018.12.06"]
[Round "1.5"]
[White "Sorokin, Aleksey"]
[Black "Chigaev, Maksim"]
[Result "1-0"]
[WhiteElo "2524"]
[BlackElo "2606"]
[Annotator "TA"]
[PlyCount "120"]
[EventDate "2018.12.05"]
[EventType "k.o."]
[EventCountry "RUS"]
[SourceTitle "playchess.com"]
[Source "ChessBase"]
[SourceQuality "1"]

{[%evp 20,120,55,41,84,75,67,19,24,36,4,15,14,14,16,9,21,-9,47,41,28,18,32,35,36,18,19,16,18,21,16,0,0,0,40,40,34,14,31,0,30,-26,0,0,99,-36,0,0,186,184,193,174,271,100,89,0,0,0,0,0,416,467,468,487,641,627,369,292,271,272,895,934,765,552,1150,1066,1399,1296,29950,29942,29974,29977,29965,5166,3056,3031,29968,29970,7151,6019,29985,29981,29981,29982,29982,29982,29984,29985,29991,29992,29992,29993,29994]} 1. d4 g6 2. c4 Bg7 3. Nc3 d6 4. Nf3 Nf6 5. e4 O-O 6. h3 e5 7. d5 Nh5 8. g3 {E90: King's Indian: Classical: Early deviations and 6 h3} Na6 9. Nh2 (9. Be2 Nc5 10. b4 Nd7 11. Rb1 a5 12. a3 axb4 13. axb4 Qe7 14. Bg5 f6 15. Be3 f5 16. exf5 {½-½ (68) Akobian,V (2647)-Guseinov,G (2646) Riadh 2017}) 9... Qe8 10. Be2 Nf6 11. Ng4 {LiveBook: 7 Games} Nc5 12. Nxf6+ Bxf6 13. b4 Nd7 14. Be3 a5 $146 ({Predecessor:} 14... b6 15. a3 Bg7 16. g4 h6 {1-0 (51) Hahn,M (2263)-Eggenstein,F (1987) Vellmar 2018}) 15. a3 Bg7 16. g4 f5 17. f3 Qe7 18. Kd2 Kh8 ({Black should play} 18... fxe4 $11 19. fxe4 Bf6) 19. Kc2 Bf6 20. Qd2 f4 21. Bf2 Bh4 22. Qe1 Bxf2 23. Qxf2 Nf6 24. c5 Bd7 25. Rhb1 Rfc8 26. cxd6 Qxd6 27. Qc5 Ne8 28. Kb2 Kg7 29. Rd1 Qf6 30. Bb5 (30. bxa5 $142 Nd6 31. Rac1) 30... Bxb5 31. Nxb5 c6 (31... b6 $11 32. Qc6 Qh4) 32. Nc3 (32. dxc6 $1 $16 Rxc6 33. Rd7+ Kh8 34. Qd5) 32... b6 33. Qxb6 axb4 $2 (33... Nd6 $11 34. Kb1 Nf7) 34. axb4 $18 Rab8 35. Ra7+ Kh6 (35... Kh8 $142 36. Rb7 Rxb7 37. Qxb7 Nd6) 36. Rb7 $2 (36. Qa5 $18 {is more deadly.} Nd6 37. Ka1) 36... Nd6 $16 {[#]} 37. Rxb8 ({Not} 37. g5+ $2 Qxg5 38. Rxb8 Nc4+ 39. Kb3 Nxb6 $19) (37. h4 $1 $16 Qxh4 38. g5+ {[%mdl 64] Decoy} Kxg5 39. Qg1+ (39. Rg1+ $2 Kh6 $19) 39... Kh6 40. Rxb8 Rxb8 41. dxc6 Nc4+ 42. Kc1) 37... Nc4+ $11 38. Kc2 Nxb6 39. Rxb6 {Hoping for b5.} Qh4 $2 {[%mdl 8192]} (39... Qe7 $1 $11 {and Black has nothing to worry.}) 40. Rxc6 $18 Rd8 41. d6 Qf2+ 42. Rd2 Qxf3 43. d7 Qxh3 44. Rc8 Rxd7 $2 (44... Qh4 45. b5 f3) 45. Rxd7 Qxg4 46. Rcc7 Qg2+ 47. Rd2 Qg3 48. b5 f3 49. Rf7 Qg1 50. Rxf3 Qc5 51. Rfd3 (51. Rh3+ $142 Kg7 52. Rd7+ Kf6 53. Rhxh7 Kg5 54. Rd2 Qg1 {[#]} 55. b6 $1 {[%mdl 512]} Kg4 56. b7) 51... Kg5 52. Rd5 Qb4 53. Rxe5+ Kg4 54. Red5 h5 55. R5d4 {White mates.} Qc5 56. e5+ {[%cal Be4e5,Be5e6,Be6e7][%mdl 32]} Kf5 57. Rd5 Qc4 58. Re2 Kg4 59. e6 Kf3 60. e7 Qc8 {Accuracy: White = 50%, Black = 36%.} 1-0